00679nam a22001097a 4500008004100000100003900041245009700080260004600177300003200223520026800255773004600523231106b ||||| |||| 00| 0 eng d aSharma, Rashi and Kumar, Rajnish  aIncreasing public participation to ensure holistic view in educational policies/action plans aIndian Journal of Public Administration  a69(3), Sep, 2023: p.597-608 aThe transition from government to governance demands that numerous stakeholders participate in the policymaking and call for a strategy that could effectively help the process. Stakeholders’ engagement is extensively used in all types of public. – Reproduced  aIndian Journal of Public Administration